000 00791nam a2200253Ia 4500
003 OSt
005 20220925223946.0
006 a|||||r|||| 00| 0
007 ta
008 220923b |||||||| |||| 00| 0 eng d
020 _a9780415717830
_c1577.12
037 _b49965, 28/02/2017, Segment Book Distributors
_cGeneral Book
040 _aRTL
_cRTL
_beng
041 _2eng
_aeng
082 _aR3xN26:g, Q7
100 _aTAYLOR Chloe
_9290578
245 0 _aRoutledge guide to foucaults history of sexuality
260 _aLondon
_bRoutledge
_c2017
300 _ax,261p.
_ccm.
500 _aGlossary: 183-192p.
650 _aSociology
942 _hR3xN26:g, Q7
_cGB
_2CC
999 _c580688
_d580688